| 000 | 00907nam a2200265Ia 4500 | ||
|---|---|---|---|
| 003 | OSt | ||
| 005 | 20220918170218.0 | ||
| 006 | a|||||r|||| 00| 0 | ||
| 007 | ta | ||
| 008 | 220917b |||||||| |||| 00| 0 eng d | ||
| 020 |
_a978 81 250 4419 2 (hbk) _c695 |
||
| 024 | _a255,411 | ||
| 037 |
_b230, 29/09/2011, Eastern Book Linkers _cTextual |
||
| 040 |
_aARTS _cARTS _beng |
||
| 041 |
_2eng _aeng |
||
| 082 | _aO15,2D40,1:g, Q1 | ||
| 100 |
_aSengupta Saswati Ed. _927676 |
||
| 245 | 0 |
_aRevisiting abhijnanasakuntalam _b Love, lineage and language in kalidasa's nataka |
|
| 260 |
_aNew Delhi _bOrient Blackswan India _c2011 |
||
| 300 |
_axx, 327p. _ccm. |
||
| 650 | _aSANSKRIT LITERATURE | ||
| 700 |
_a Tandon Deepika Ed. _927677 |
||
| 942 |
_hO15,2D40,1:g, Q1 _cTEXL _2CC |
||
| 999 |
_c133109 _d133109 |
||